Threats to security in east asia pacific (Record no. 1079729)

MARC details
000 -LEADER
fixed length control field 00854nam a2200265Ia 4500
003 - CONTROL NUMBER IDENTIFIER
control field OSt
005 - DATE AND TIME OF LATEST TRANSACTION
control field 20221006144419.0
008 - FIXED-LENGTH DATA ELEMENTS--GENERAL INFORMATION
fixed length control field 221006b |||||||| |||| 00| 0 fre d
020 ## - INTERNATIONAL STANDARD BOOK NUMBER
International Standard Book Number 066906369x
037 ## - SOURCE OF ACQUISITION
Terms of availability Textual
040 ## - CATALOGING SOURCE
Original cataloging agency EASL
Transcribing agency EASL
Language of cataloging fre
041 ## - LANGUAGE CODE
Source of code fre
Language code of text/sound track or separate title fre
100 ## - MAIN ENTRY--PERSONAL NAME
Personal name MORRISON Charles E Ed.
9 (RLIN) 649242
245 #0 - TITLE STATEMENT
Title Threats to security in east asia pacific
Remainder of title National and regional perspectives
260 ## - PUBLICATION, DISTRIBUTION, ETC.
Place of publication, distribution, etc. Toronto
Name of publisher, distributor, etc. Lexington Books
Date of publication, distribution, etc. 1983
300 ## - PHYSICAL DESCRIPTION
Extent xix,222p.
Dimensions cm.
650 ## - SUBJECT ADDED ENTRY--TOPICAL TERM
Topical term or geographic name entry element Pacific Ocean Region-Strategic aspects-congresses
9 (RLIN) 651924
650 ## - SUBJECT ADDED ENTRY--TOPICAL TERM
Topical term or geographic name entry element East Asia-Strategic aspects-congresses
9 (RLIN) 651925
942 ## - ADDED ENTRY ELEMENTS (KOHA)
Classification part V4:19(zP).N82, M3
Koha item type Textual
Source of classification or shelving scheme Colon Classification (CC)
Holdings
Withdrawn status Lost status Source of classification or shelving scheme Damaged status Not for loan Home library Current library Date acquired Cost, normal purchase price Total Checkouts Full call number Barcode Date last seen Cost, replacement price Price effective from Koha item type
    Colon Classification (CC)     Department of East Asian Studies Library Department of East Asian Studies Library 2022-10-06 404.00   V4:19(zP).N82 M3 EA0790501 2022-10-06 404.00 2022-10-06 Textual
Copyright @ Delhi University Library System